[Event "Kalamaria op-A 17th"]
[Site "Kalamaria"]
[Date "2024.09.05"]
[Round "7"]
[White "Lazaridis Patsalias, Haralambos"]
[Black "Karakotsios, Konstantinos"]
[Result "1-0"]
[WhiteElo "2070"]
[BlackElo "1808"]
[PlyCount "109"]
[EventDate "2024.08.31"]
[EventType "swiss"]
[EventRounds "9"]
[EventCountry "GRE"]
[SourceTitle "EXT 2025"]
[Source "ChessBase"]
[SourceDate "2024.10.14"]
[SourceVersion "1"]
[SourceVersionDate "2024.10.14"]
[SourceQuality "1"]

1. d4 d5 2. c4 e6 3. Nc3 Nf6 4. Nf3 Be7 5. Bf4 c6 6. e3 0-0 7. Bd3 Nbd7 8. c5 b6 9. b4 Bb7 10. 0-0 Nh5 11. Qc2 Nxf4 12. exf4 g6 13. Rfe1 Bf6 14. g3 Bg7 15. Rab1 Qc7 16. Ne5 bxc5 17. bxc5 Rfb8 18. Qa4 Nxe5 19. fxe5 Bc8 20. Rb3 Rxb3 21. axb3 f6 22. f4 fxe5 23. fxe5 Bh6 24. Re2 Qf7 25. Kg2 Bd7 26. Nd1 Qe7 27. b4 Rb8 28. b5 cxb5 29. Qxa7 Qd8 30. Rb2 b4 31. Qa6 Qc7 32. Bc2 Qc6 33. Qxc6 Bxc6 34. Kf2 Kf7 35. Ke2 Ke7 36. Nf2 Bb5+ 37. Bd3 Bc4 38. Ng4 Bg7 39. Ne3 Bxd3+ 40. Kxd3 Bh6 41. Nc2 b3 42. Na1 Rf8 43. Ke2 Bc1 44. Rxb3 Ra8 45. Nc2 Ra4 46. Rb7+ Kd8 47. Rxh7 Bb2 48. Kd3 Rc4 49. Rb7 Bc1 50. Rb4 Rxb4 51. Nxb4 g5 52. h4 g4 53. Nc2 Kc7 54. Ne3 Bxe3 55. Kxe3 1-0

[Event "Kalamaria op-A 17th"]
[Site "Kalamaria"]
[Date "2024.09.02"]
[Round "4"]
[White "Kote, Aleks"]
[Black "Karakotsios, Konstantinos"]
[Result "0-1"]
[WhiteElo "1930"]
[BlackElo "1808"]
[PlyCount "36"]
[EventDate "2024.08.31"]
[EventType "swiss"]
[EventRounds "9"]
[EventCountry "GRE"]
[SourceTitle "EXT 2025"]
[Source "ChessBase"]
[SourceDate "2024.10.14"]
[SourceVersion "1"]
[SourceVersionDate "2024.10.14"]
[SourceQuality "1"]

1. e4 e6 2. d4 d5 3. Nd2 c5 4. exd5 Qxd5 5. dxc5 Bxc5 6. Ngf3 Nf6 7. Bc4 Qd6 8. 0-0 0-0 9. Qe2 Qc7 10. b3 Nc6 11. Bb2 Be7 12. Ne4 b6 13. Nxf6+ Bxf6 14. Bxf6 gxf6 15. Bd3 Qf4 16. Be4 Bb7 17. Qc4 f5 18. g3 Qxe4 0-1

[Event "GRE-ch blitz"]
[Site "Ioannina"]
[Date "2024.08.16"]
[Round "1"]
[White "Gouloutis, Nikolaos"]
[Black "Karakotsios, Konstantinos"]
[Result "1-0"]
[WhiteElo "2217"]
[BlackElo "1670"]
[PlyCount "91"]
[EventDate "2024.08.16"]
[EventType "swiss (blitz)"]
[EventRounds "11"]
[EventCountry "GRE"]
[SourceTitle "CBM 221 Extra"]
[Source "ChessBase"]
[SourceDate "2024.09.30"]
[SourceVersion "1"]
[SourceVersionDate "2024.09.30"]
[SourceQuality "1"]

1. Nf3 Nf6 2. c4 e6 3. g3 d5 4. b3 Be7 5. Bg2 0-0 6. 0-0 c6 7. Bb2 b6 8. e3 Bb7 9. Qe2 Nbd7 10. Nc3 Rc8 11. Rfd1 Re8 12. d4 Nf8 13. Rac1 Ng6 14. h4 h6 15. e4 dxe4 16. Nxe4 Qc7 17. c5 Red8 18. Bh3 Nxe4 19. Qxe4 bxc5 20. Bxe6 fxe6 21. Qxg6 Bf6 22. Rxc5 Qe7 23. Re1 Qf7 24. Qg4 Re8 25. Re3 Rcd8 26. Bc1 Rd5 27. Re4 Rxc5 28. dxc5 Kh8 29. Bf4 Bc8 30. Be5 h5 31. Qf4 Rf8 32. Qe3 Bxe5 33. Nxe5 Qf5 34. Kg2 Qh7 35. Rf4 Rxf4 36. Qxf4 Qg8 37. Ng6+ Kh7 38. Qe4 Kh6 39. Ne7 Qe8 40. Qf4+ Kh7 41. Qd6 Ba6 42. Qxe6 Bd3 43. Qe5 Qf7 44. f4 Bc2 45. Kh2 Qg6 46. Nxg6 1-0

[Event "GRE-ch U18"]
[Site "Athens"]
[Date "2024.01.05"]
[Round "5"]
[White "Karakotsios, Konstantinos"]
[Black "Dristellas, Neoklis"]
[Result "0-1"]
[WhiteElo "1572"]
[BlackElo "2022"]
[PlyCount "84"]
[EventDate "2024.01.02"]
[EventType "swiss"]
[EventRounds "9"]
[EventCountry "GRE"]
[SourceTitle "EXT 2025"]
[Source "ChessBase"]
[SourceDate "2024.10.14"]
[SourceVersion "1"]
[SourceVersionDate "2024.10.14"]
[SourceQuality "1"]
[WhiteTeam "Griechenland"]
[BlackTeam "Griechenland"]
[WhiteTeamCountry "GRE"]
[BlackTeamCountry "GRE"]

1. d4 Nf6 2. c4 e6 3. Nf3 c5 4. d5 d6 5. Nc3 exd5 6. cxd5 g6 7. e4 a6 8. a4 Bg4 9. Qb3 Bxf3 10. Qxb7 Nbd7 11. gxf3 Nh5 12. Qc6 Rb8 13. a5 Bg7 14. Qxd6 Rb3 15. Bd2 Be5 16. Qxa6 Rxb2 17. Rc1 0-0 18. Bd3 Qh4 19. Nd1 Rxd2 20. Kxd2 Bf4+ 21. Kc2 Bxc1 22. Kxc1 Qf4+ 23. Kc2 Qxf3 24. Re1 Nf4 25. Re3 Qh5 26. Qd6 Nxd3 27. Rxd3 Ne5 28. Ne3 Qxh2 29. Rd2 Qf4 30. a6 Qxe4+ 31. Kc1 Nd3+ 32. Kd1 c4 33. Nxc4 Qxc4 34. a7 Qb3+ 35. Ke2 Re8+ 36. Kf1 Qb1+ 37. Kg2 Ne1+ 38. Kh3 Qf5+ 39. Kh2 Qh5+ 40. Kg1 Qg4+ 41. Qg3 Qxg3+ 42. fxg3 Nf3+ 0-1

[Event "GRE-ch U18"]
[Site "Athens"]
[Date "2024.01.03"]
[Round "3"]
[White "Karakotsios, Konstantinos"]
[Black "Bantekas, Achilleas"]
[Result "1-0"]
[WhiteElo "1572"]
[BlackElo "1708"]
[PlyCount "79"]
[EventDate "2024.01.02"]
[EventType "swiss"]
[EventRounds "9"]
[EventCountry "GRE"]
[SourceTitle "EXT 2025"]
[Source "ChessBase"]
[SourceDate "2024.10.14"]
[SourceVersion "1"]
[SourceVersionDate "2024.10.14"]
[SourceQuality "1"]
[WhiteTeam "Griechenland"]
[BlackTeam "Griechenland"]
[WhiteTeamCountry "GRE"]
[BlackTeamCountry "GRE"]

1. d4 d5 2. c4 c6 3. Nf3 Nf6 4. Nbd2 Bf5 5. Nh4 Be4 6. e3 e6 7. Be2 h6 8. Nhf3 Bh7 9. 0-0 Nbd7 10. b3 Be7 11. Bb2 0-0 12. Re1 Ne4 13. cxd5 exd5 14. Nxe4 dxe4 15. Nd2 Bd6 16. Nc4 Bc7 17. d5 Bb6 18. dxc6 bxc6 19. Qc2 Nc5 20. Red1 Qg5 21. Qc3 f6 22. Nd6 Nd3 23. Bxd3 exd3 24. Qxc6 Qc5 25. Qxc5 Bxc5 26. Nc4 a5 27. Bc3 Bb4 28. Bxb4 axb4 29. Rd2 Rfd8 30. f3 Bg6 31. Nb2 Rac8 32. Rad1 Rc3 33. e4 f5 34. Nxd3 fxe4 35. fxe4 Rb8 36. e5 Bh5 37. Rc1 Rd8 38. Re1 Rdxd3 39. Rf2 Re3 40. Rff1 1-0

[Event "Thessaloniki Aris CC Summer op 1st"]
[Site "Thessaloniki"]
[Date "2023.06.17"]
[Round "5"]
[White "Boutikos, Eleftherios"]
[Black "Karakotsios, Konstantinos"]
[Result "1-0"]
[WhiteElo "1651"]
[BlackElo "1432"]
[PlyCount "101"]
[EventDate "2023.06.16"]
[EventType "swiss"]
[EventRounds "7"]
[EventCountry "GRE"]
[SourceTitle "EXT 2024"]
[Source "ChessBase"]
[SourceDate "2023.10.10"]
[SourceVersion "1"]
[SourceVersionDate "2023.10.10"]
[SourceQuality "1"]

1. e4 e6 2. d4 d5 3. Bd3 Nf6 4. e5 Nfd7 5. c3 c5 6. Nf3 Nc6 7. a3 Be7 8. 0-0 b6 9. Re1 Bb7 10. Bc2 Rc8 11. Be3 cxd4 12. cxd4 Qc7 13. Nc3 a6 14. Rc1 Na5 15. Bb1 Nc4 16. Qc2 b5 17. Nd2 Ndb6 18. Nxc4 Nxc4 19. Ba2 h6 20. Bxc4 Qxc4 21. Qd1 b4 22. b3 Qxc3 23. Rxc3 bxc3 24. b4 Bc6 25. Qb3 Kd7 26. Rc1 Bb5 27. Rxc3 Rxc3 28. Qxc3 Rc8 29. Qb3 Bc4 30. Qd1 Bg5 31. Bxg5 hxg5 32. h3 f6 33. Qh5 Rf8 34. Qg6 fxe5 35. Qxg7+ Ke8 36. Qxe5 Kd7 37. Qg7+ Ke8 38. Qxg5 Rf5 39. Qg7 Rf7 40. Qg6 Ke7 41. h4 Rf6 42. Qg5 Kf7 43. h5 Bd3 44. Qg3 Be2 45. f3 Bd3 46. Qc7+ Kg8 47. Qe7 Rh6 48. g4 Bc4 49. g5 Rh7 50. Qe8+ Kg7 51. h6+ 1-0

[Event "EU-chT U18"]
[Site "Thessaloniki"]
[Date "2022.07.18"]
[Round "7.10"]
[White "Karakotsios, Konstantinos"]
[Black "Aydogdu, Selcan Ayberk"]
[Result "0-1"]
[WhiteElo "1376"]
[BlackElo "1902"]
[PlyCount "68"]
[EventDate "2022.07.12"]
[EventType "team-swiss"]
[EventRounds "7"]
[EventCountry "GRE"]
[SourceTitle "CBM 209 Extra"]
[Source "ChessBase"]
[SourceDate "2022.09.30"]
[SourceVersion "1"]
[SourceVersionDate "2022.09.30"]
[SourceQuality "1"]
[WhiteTeam "Greece Galaxias U18"]
[BlackTeam "Turkey U18"]
[WhiteTeamCountry "GRE"]
[BlackTeamCountry "TUR"]

1. d4 e6 2. Bf4 d5 3. e3 Nf6 4. Nf3 Bd6 5. Bg3 0-0 6. c3 b6 7. Bd3 Bb7 8. Nbd2 c5 9. 0-0 Qc7 10. Rc1 Nbd7 11. b4 Bxg3 12. hxg3 Qd6 13. bxc5 bxc5 14. Rb1 Ba6 15. Bxa6 Qxa6 16. Rb2 Rab8 17. Qc2 Rxb2 18. Qxb2 Rb8 19. Qc2 h6 20. Rb1 Rc8 21. Qb3 Nb6 22. Qb2 cxd4 23. cxd4 Ng4 24. Nh2 Nxh2 25. Kxh2 Qe2 26. Kg1 Na4 27. Qb5 Rc1+ 28. Rxc1 Qxb5 29. Nb3 Qe2 30. Nc5 Nxc5 31. dxc5 Qb2 32. Re1 Qc3 33. Rb1 Qxc5 34. Rb8+ Kh7 0-1

[Event "EU-chT U18"]
[Site "Thessaloniki"]
[Date "2022.07.12"]
[Round "1.8"]
[White "Soderstrom, Adrian"]
[Black "Karakotsios, Konstantinos"]
[Result "1-0"]
[WhiteElo "2292"]
[BlackElo "1376"]
[PlyCount "61"]
[EventDate "2022.07.12"]
[EventType "team-swiss"]
[EventRounds "7"]
[EventCountry "GRE"]
[SourceTitle "CBM 209 Extra"]
[Source "ChessBase"]
[SourceDate "2022.09.30"]
[SourceVersion "1"]
[SourceVersionDate "2022.09.30"]
[SourceQuality "1"]
[WhiteTeam "Sweden U18"]
[BlackTeam "Greece Galaxias U18"]
[WhiteTeamCountry "SWE"]
[BlackTeamCountry "GRE"]

1. e4 e6 2. d4 d5 3. Nc3 Bb4 4. e5 c5 5. a3 Bxc3+ 6. bxc3 Qa5 7. Bd2 Qa4 8. Qg4 g6 9. Qd1 Nc6 10. Nf3 Nge7 11. Bd3 Bd7 12. 0-0 c4 13. Be2 0-0-0 14. Bh6 Rhg8 15. Qd2 g5 16. Nxg5 Rg6 17. Nxf7 Rdg8 18. g3 Nf5 19. Bh5 Rxh6 20. Nxh6 Nxh6 21. Qxh6 Qxc2 22. Bf7 Rd8 23. Rac1 Qf5 24. Qh5 Qe4 25. Rfe1 Qd3 26. Qg4 Rf8 27. Bxe6 Nb8 28. Bxd7+ Nxd7 29. e6 Nf6 30. e7+ Nxg4 31. exf8Q+ 1-0

[Event "GRE-chT U16"]
[Site "Thessaloniki"]
[Date "2021.12.19"]
[Round "6.3"]
[White "Gerasopoulos, Nikolaos"]
[Black "Karakotsios, Konstantinos"]
[Result "1-0"]
[WhiteElo "1324"]
[BlackElo "1260"]
[PlyCount "63"]
[EventDate "2021.12.16"]
[EventType "team-swiss"]
[EventRounds "6"]
[EventCountry "GRE"]
[SourceTitle "CBM 205 Extra"]
[Source "ChessBase"]
[SourceDate "2022.01.31"]
[SourceVersion "1"]
[SourceVersionDate "2022.01.31"]
[SourceQuality "1"]
[WhiteTeam "Thessaloniki ES"]
[BlackTeam "Galaxias"]
[WhiteTeamCountry "GRE"]
[BlackTeamCountry "GRE"]

1. e4 e6 2. d4 d5 3. Nd2 Be7 4. Ngf3 c5 5. c3 Nc6 6. e5 Qb6 7. Nb3 cxd4 8. cxd4 Bd7 9. Be2 Rc8 10. 0-0 a5 11. Be3 f6 12. exf6 Bxf6 13. Nc5 Nge7 14. Rc1 Nf5 15. Rc3 Qa7 16. Qa4 Rd8 17. Nxd7 Rxd7 18. Bb5 0-0 19. Bxc6 bxc6 20. Rxc6 Rb7 21. Rxe6 Rxb2 22. g4 Nxe3 23. fxe3 Qc7 24. Re8 Rb4 25. Rxf8+ Kxf8 26. Qa3 Kg8 27. Qd3 Rb2 28. Qf5 Rb5 29. g5 Be7 30. Ne5 Rb8 31. Qe6+ Kh8 32. Nf7+ 1-0

[Event "GRE-ch North U08/14"]
[Site "Thessaloniki"]
[Date "2020.09.01"]
[Round "9"]
[White "Karakotsios, Konstantinos"]
[Black "Tagkaloglou, Savvas Stefanos"]
[Result "0-1"]
[WhiteElo "1368"]
[BlackElo "1462"]
[PlyCount "75"]
[EventDate "2020.08.26"]
[EventType "swiss"]
[EventRounds "9"]
[EventCountry "GRE"]
[SourceTitle "EXT 2023"]
[Source "ChessBase"]
[SourceDate "2022.10.05"]
[SourceVersion "1"]
[SourceVersionDate "2022.10.05"]
[SourceQuality "1"]

1. d4 Nf6 2. c4 g6 3. Nc3 d5 4. cxd5 Nxd5 5. e4 Nxc3 6. bxc3 Bg7 7. Be3 c5 8. Bc4 Nc6 9. Ne2 0-0 10. 0-0 b6 11. Qd2 Bb7 12. d5 Ne5 13. Bb3 Qd7 14. f4 Ng4 15. Rab1 Ba6 16. Rfe1 f5 17. Ng3 fxe4 18. Nxe4 c4 19. Bc2 Rad8 20. Rbd1 Bb7 21. d6 exd6 22. Qxd6 Bxe4 23. Qxd7 Rxd7 24. Rxd7 Bxc2 25. Bd4 Bxd4+ 26. Rxd4 Bd3 27. h3 Nf6 28. Re7 Rf7 29. Rd8+ Kg7 30. Rxf7+ Kxf7 31. Ra8 a5 32. Kf2 Ne4+ 33. Ke1 Nxc3 34. a3 Ne4 35. Rc8 c3 36. Kd1 c2+ 37. Rxc2 Bxc2+ 38. Kxc2 0-1

[Event "GRE-ch North U08/14"]
[Site "Thessaloniki"]
[Date "2020.08.27"]
[Round "2"]
[White "Karakotsios, Konstantinos"]
[Black "Gkavardinas, Christos Konstantin"]
[Result "1/2-1/2"]
[WhiteElo "1368"]
[BlackElo "1157"]
[PlyCount "71"]
[EventDate "2020.08.26"]
[EventType "swiss"]
[EventRounds "9"]
[EventCountry "GRE"]
[SourceTitle "EXT 2023"]
[Source "ChessBase"]
[SourceDate "2022.10.05"]
[SourceVersion "1"]
[SourceVersionDate "2022.10.05"]
[SourceQuality "1"]

1. d4 d5 2. c4 e6 3. Nc3 Nf6 4. Bg5 Nbd7 5. Nf3 c6 6. e3 Qa5 7. cxd5 Nxd5 8. Qd2 Bb4 9. Rc1 h6 10. Bh4 b6 11. a3 Bxc3 12. bxc3 Qxa3 13. c4 N5f6 14. Bd3 Bb7 15. 0-0 Qe7 16. e4 g5 17. Bg3 Nh5 18. Be5 f6 19. Bg3 Nxg3 20. fxg3 e5 21. dxe5 Nxe5 22. Nxe5 Qxe5 23. Qe2 0-0-0 24. Bc2 Rd4 25. Rf5 Qe6 26. Bb1 Rhd8 27. Rcf1 Rd2 28. Rxf6 Rxe2 29. Rxe6 Rdd2 30. Rxh6 Rxg2+ 31. Kh1 Rgf2 32. Rh8+ Kd7 33. Rh7+ Kc8 34. Rh8+ Kd7 35. Rh7+ Kc8 36. Rh8+ 1/2-1/2